000 00782nam a2200277Ia 4500
005 20260324114118.0
008 008 260324s9999 xx 000 0 eng d
020 _a9788743804031
037 _aEBOOK
040 _aCRL
040 _beng
040 _cCRL
041 _2eng
041 _aeng
084 _qCRL
100 _aShelby Hutchens; Garrett Pataky; Ryan B Berke; Allison Beese
_91149481
245 0 _aFracture, Fatigue, Failure and Damage Evolution, Volume 3
245 0 _bProceedings of the 2022 Annual Conference on Experimental and Applied Mechanics
260 _bTaylor and Francis
260 _c2023
365 _a
856 _uhttp://www.taylorfrancis.com/books/9788743804031
942 _cEBOOK
999 _c1739481
_d1739481